LEADER 01507nam a2200349 u 4500 001 000000030433 003 CaOOAMICUS 005 20070226112028.0 008 970915c19811974nyu u000 u eng u 020 $a0385044127 (v.1) 020 $a0385080379 (v.2) 035 $a10769438 040 $aPUL$bita 130 0 $aBiblia.$pN.T.$pAd Ephesios.$lInglese.$0(OLS)http://pul/title/41813 245 10$aEphesians /$cIntroduction, translation, and commentary by Markus Barth. 260 $aGarden City, N.Y. :$bDoubleday,$c1981. 300 $a2 v. ;$c23 cm 490 1 $aThe Anchor Bible ;$v34-34A 500 $a"Indexes": p. 833-849. 505 0 $a[v. 1]: Chapters 1-3. -- [v. 2]: Chapters 4-6. 700 1 $aBarth, Markus.$0(OLS)http://pul/name/2257 830 4$aThe Anchor Bible ;$v34-34A.$0(OLS)http://pul/title/18634 850 $aPUL 852 $aPUL$W1$xSL Religione 1$y3$m1(6) G 34-34A$j42054$nBK-PRI$b $qStampati$B42054$CPULBib$Z2$F42054 $H $81 852 $aPUL$W1$xSL Religione 1$y3$m1(6) G 34-34A$j42054$nBK-PRI$b $qStampati$B42055$CPULBib$Z2$F42055 $H $81 941 1 $a8 961 $aINV: 50758. -- 50759. 961 $aINV: 50758. -- 50759. 996 $6020$a0385044127 (v.1)$9(OLS)http://pul/number/38185 996 $6020$a0385080379 (v.2)$9(OLS)http://pul/number/38186 996 $6245$aEphesians$9(OLS)http://pul/title/41814 996 $6260$aGarden City, N.Y. :$bDoubleday$9(OLS)http://pul/publisher/53877 LEADER 01407nam a2200349 u 4500 001 000000060718 003 CaOOAMICUS 005 20070226120938.0 008 010731s1993 it u000 u ita u 020 $a8839404910 035 $a10899032 040 $aPUL(R)$bita 041 1 $aita$heng 100 1 $aLieu, Judith.$0(OLS)http://pul/name/9326 240 10$aTheology of the Johannine Epistles.$lItaliano.$0(OLS)http://pul/title/81127 245 13$aLa teologia delle lettere di Giovanni /$cJudith M. Lieu. 260 $aBrescia :$bPaideia,$cc1993. 300 $a157 p. ;$c21 cm 490 1 $aLetture bibliche ; 490 1 $aTeologia del Nuovo Testamento ;$v2 500 $aInclude indici. 504 $aBibliografia: p. 149-[151] e in nota. 630 04$aBiblia.$pN.T.$pIohannis I-II-III.$0(OLS)http://pul/subject/20212 830 0$aTeologia del Nuovo Testamento ;$v2.$0(OLS)http://pul/title/43674 830 0$aLetture bibliche (Paideia) ;$v6.$0(OLS)http://pul/title/42363 850 $aPUL 852 $aPUL$W1$xSL Religione 1$y3$m56 G 30$j79177$nBK-PRI$b $qStampati$B79177$CPULBib$Z2$F79177 $H $81 941 1 $a8 961 $aINV: 70136 996 $6020$a8839404910$9(OLS)http://pul/number/78422 996 $6245$aLa teologia delle lettere di Giovanni$9(OLS)http://pul/title/81128 996 $6260$aBrescia :$bPaideia$9(OLS)http://pul/publisher/47884